| 000 | 01109cam a2200301 a 4500 | ||
|---|---|---|---|
| 001 | 490422 | ||
| 003 | OSt | ||
| 005 | 20211229092549.0 | ||
| 008 | 840823s1984 hu a b 100 0 eng | ||
| 010 | _a 84204278 | ||
| 020 | _a9630537001 (set) | ||
| 020 | _a9630538628 (v. 1) | ||
| 020 | _a9630538636 (v. 2) | ||
| 040 |
_aDLC _cHU _dDLC |
||
| 050 | 0 | 0 |
_aQH84.8 _b.S636 1984 |
| 082 | 0 | 0 |
_a631.4/6 _219 |
| 245 | 0 | 0 |
_aSoil biology and conservation of the biosphere / _cedited by J. Szegi. |
| 260 |
_aBudapest : _bAkadémiai Kiadó, _c1984. |
||
| 300 |
_a2 v. : _bill. ; _c25 cm. |
||
| 500 | _a"Proceedings of the 8th meeting of the Soil Biology Section of the Hungarian Society for Soil Science, Gödöllō, 26-28 August, 1981"--Verso t.p. | ||
| 504 | _aIncludes bibliographies. | ||
| 650 | 0 |
_aSoil biology _xCongresses. _925883 |
|
| 650 | 0 |
_aSoil conservation _xCongresses. _917514 |
|
| 700 | 1 |
_aSzegi, J. _925884 |
|
| 710 | 2 |
_aMagyar Agrártudományi Egyesület. _bSociety for Soil Science. _bSoil Biology Section. _925885 |
|
| 906 |
_a7 _bcbc _corignew _d2 _encip _f19 _gy-gencatlg |
||
| 942 |
_2ddc _cBOOKS _n0 |
||
| 999 |
_c24802 _d24802 |
||